000 00401 a2200157 4500
001 70059
020 _a9788598553467
040 _cAnchieta - Itaigara
100 _aCedraz, Antônio
240 1 0 _aO livro de encantamentos da maré de vazante
_lpor
245 1 0 _aO livro de encantamentos da maré de vazante
300 _a48
362 0 _a2012
650 4 _aLiteratura infanto-juvenil
942 _cBK
999 _c70059
_d70059